| 000 | 00804nas a2200277 4500 | ||
|---|---|---|---|
| 001 | BR2010004453 | ||
| 003 | BR-BrBNA | ||
| 005 | 20231205114743.0 | ||
| 007 | ta | ||
| 008 | 230509b bl.|||p| |||| 00| 00por d | ||
| 040 |
_aBR-BrBNA _bpor _cBiblioteca Nacional de Agricultura |
||
| 041 | _a(Pt) | ||
| 072 | _aF30 | ||
| 100 | 1 | _aRamos, D.P. | |
| 100 | 1 | _aLeonel, S. | |
| 100 | 1 | _aMischan, M.M. | |
| 100 | 1 | _aDamatto Júnior, E.R. | |
| 245 | 1 | _aAvaliação de genótipos de bananeira em Botucatu - SP | |
| 650 | _aBANANA | ||
| 650 | _aCRESCIMENTO | ||
| 650 | _aGENÓTIPO | ||
| 650 | _aSELEÇÃO | ||
| 773 | 0 |
_tRevista Brasileira de Fruticultura (Brazil) _xISSN 0100 2945 _g(Dec 2009), v. 31(4) p. 1092-1101 _wBR2010004453 |
|
| 909 |
_a202311 _bLúcia _c55 _dLúcia Elande |
||
| 942 |
_2AGRIS _n0 _cANA |
||
| 999 |
_c210306 _d210306 |
||